000 00227nam a2200097Ia 4500
005 20251222114356.0
008 251222s1900||||xx |||||||||||||| ||spa||
082 _aDVD0120/L25/1991
245 0 _aIl re pastore: Mozart:
942 _cDVD
999 _c1440
_d1440